Полдень: Стихи

Bibliografiske detaljer
Hovedforfatter: Заплавный С. А. Сергей Алексеевич
Andre forfattere: Заплавный А. А. (иллюстратор)
Summary:Авт. указан на обл.
Sprog:russisk
Udgivet: Новосибирск, Западно-Сибирское книжное издательство, 1983
Fag:
Format: MixedMaterials Bog
KOHA link:https://koha.lib.tpu.ru/cgi-bin/koha/opac-detail.pl?biblionumber=122143

MARC

LEADER 00000nam0a2200000 4500
001 122143
005 20231031125844.0
020 |a RU  |b 83-72540 
035 |a (RuTPU)RU\TPU\book\132267 
090 |a 122143 
100 |a 20070927d1983 m y0rusy5003 ca 
101 0 |a rus 
102 |a RU 
105 |a a z 000gy 
200 1 |a Полдень  |e Стихи  |f С. А. Заплавный  |g худож. А. А. Заплавный 
210 |a Новосибирск  |c Западно-Сибирское книжное издательство  |d 1983 
215 |a 127 с.  |c ил.  |d 16 см 
300 |a Авт. указан на обл. 
610 1 |a советская литература 
610 1 |a поэзия 
675 |a Р2  |z rus 
700 1 |a Заплавный  |b С. А.  |c русский писатель  |f 1942-  |g Сергей Алексеевич  |2 stltpush  |3 (RuTPU)RU\TPU\pers\13157 
702 1 |a Заплавный  |b А. А.  |4 440 
801 0 |a RU  |b RuMRKP  |c 19950704  |g psbo 
801 1 |a RU  |b 63413507  |c 20070927  |g PSBO 
801 2 |a RU  |b 63413507  |c 20070927  |g PSBO 
942 |c BK